Globálne riešenia globálnych problémov
Postavenie Skupiny G20. Megatrendy tak ako ich definuje OECD. Inovatívny systémový prístup Skupiny G20. Priority politiky SR.
Gespeichert in:
| 1. Verfasser: | |
|---|---|
| Format: | Buchkapitel |
| Sprache: | Russisch |
| Schlagworte: | |
| Tags: |
Keine Tags, Fügen Sie das erste Tag hinzu!
|
MARC
| LEADER | 00000nla a2200000 4500 | ||
|---|---|---|---|
| 001 | 0205534 | ||
| 005 | 20240502073425.7 | ||
| 041 | 0 | |a rus | |
| 044 | |a SK | ||
| 245 | 1 | 0 | |a Globálne riešenia globálnych problémov |c Ingrid Brocková |
| 520 | |a Postavenie Skupiny G20. Megatrendy tak ako ich definuje OECD. Inovatívny systémový prístup Skupiny G20. Priority politiky SR. | ||
| 610 | 2 | 0 | |a hospodárstvo svetové |
| 610 | 2 | 0 | |a vývoj hospodársky |
| 610 | 2 | 0 | |a spolupráca hospodárska medzinárodná |
| 610 | 2 | 0 | |a summity |
| 610 | 2 | 0 | |a megatrendy |
| 610 | 2 | 0 | |a systémy daňové |
| 610 | 2 | 0 | |a únik daňový |
| 100 | 1 | |a Brocková, Ingrid | |